000 00619nam a2200217 4500
003 OSt
005 20260530113916.0
008 260508b2006 xxu||||| |||| 00| 0 eng d
040 _aICI
_bspa
_cICI
_erda
041 _aeng
050 0 0 _aHF5845
_bS47 2006
100 _aSerrats, Marta,
_eautor
_934159
245 1 0 _aPoint of purchase /
_cMarta Serrats
264 1 _aNew York :
_bCollins Design,
_c2006
300 _a253 páginas :
_bilustraciones
336 _2rdacontent
_atexto
337 _2rdamedia
_asin medio
338 _2rdacarrier
_avolumen
650 0 _aExhibición de mercancias
_934160
942 _2lcc
_n1
_cBK
999 _c12309
_d12309